[Event "ch-LAT 2017"]
[Site "Riga LAT"]
[Date "2017.05.06"]
[Round "9.11"]
[White "Dzjuba,V"]
[Black "Avotins,Maigonis"]
[Result "1-0"]
[WhiteElo "2269"]
[BlackElo "1972"]

1.e4 c5 2.Nf3 Nc6 3.d4 cxd4 4.Nxd4 g6 5.Be3 Bg7 6.Nc3 Nf6 7.Bc4 O-O 8.Bb3 Ng4
9.Qxg4 Nxd4 10.Qd1 Nxb3 11.axb3 b6 12.Bd4 Bb7 13.h4 e5 14.Be3 f5 15.f3 fxe4
16.fxe4 Qf6 17.Qd2 Rac8 18.O-O-O b5 19.Qxd7 Bc6 20.Qd6 Qf7 21.Nd5 Rfd8 22.Ne7+
Kf8 23.Qa3 Rxd1+ 24.Rxd1 {#r} 1-0

[Event "ch-LAT 2017"]
[Site "Riga LAT"]
[Date "2017.05.06"]
[Round "9.14"]
[White "Pavlovs,S"]
[Black "Polyakov,Fedor"]
[Result "0-1"]
[WhiteElo "2077"]
[BlackElo "2086"]

1.e4 c5 2.Nf3 Nc6 3.d4 cxd4 4.Nxd4 Nf6 5.Nc3 e5 6.Ndb5 h6 7.Nd6+ Bxd6 8.Qxd6
Qe7 9.Nb5 Rb8 10.b3 Nxe4 11.Qxe7+ Kxe7 12.Ba3+ d6 13.f3 a6 14.fxe4 axb5
15.Bxb5 Nd4 16.Bd3 b5 17.c3 Nc6 18.O-O Be6 19.Rfd1 b4 20.cxb4 Nxb4 21.Rac1
Nxa2 22.Rc7+ Kf6 23.Bxd6 Rxb3 24.Bb1 Rb5 25.Rc2 Ra8 26.Rf2+ Kg6 27.Bd3 Rba5
28.Rc2 Bb3 {#R} 0-1

[Event "ch-LAT 2017"]
[Site "Riga LAT"]
[Date "2017.05.06"]
[Round "9.15"]
[White "Smilga,K"]
[Black "Feldmanis,Arturs"]
[Result "0-1"]
[WhiteElo "2131"]
[BlackElo "1752"]

1.e4 c5 2.Nf3 d6 3.d4 cxd4 4.Nxd4 Nf6 5.Nc3 e5 6.Bb5+ Nbd7 7.Nf5 a6 8.Bxd7+
Qxd7 9.O-O d5 10.Bg5 Nxe4 11.Nxe4 dxe4 12.Ng3 Qxd1 13.Raxd1 f6 14.Be3 f5
15.Bb6 Be6 16.f3 Rc8 17.fxe4 f4 18.Nf5 Rc6 19.Ba5 g6 20.Nh4 Be7 21.Nf3 Rxc2
22.Bc3 Bc5+ 23.Kh1 Bxa2 24.Nxe5 Be7 {#R} 0-1

[Event "Nakhchivan Open 2017"]
[Site "Nakhchivan AZE"]
[Date "2017.05.06"]
[Round "4.1"]
[White "Sadikhov,U"]
[Black "Abasov,N"]
[Result "1-0"]
[WhiteElo "2467"]
[BlackElo "2575"]

1.e4 c6 2.d4 d5 3.e5 Bf5 4.Nf3 e6 5.Be2 Nd7 6.c3 Bg6 7.Nbd2 Nh6 8.O-O Be7
9.Ne1 f6 10.Ndf3 Nf7 11.Nd3 fxe5 12.dxe5 c5 13.Re1 Bf5 14.Nf4 Ng5 15.Nxg5 Bxg5
16.Bg4 Bxf4 17.Bxf5 Bxc1 18.Bxe6 Bg5 19.Qxd5 Qe7 20.Qxb7 Rd8 21.Qc6 h5
22.Bxd7+ Kf8 23.Rad1 Rh6 24.Qd5 Rb6 25.Rd3 g6 26.Rf3+ Kg7 27.e6 Bf6 28.Rxf6
Qxf6 29.e7 Rxb2 30.f3 Qxc3 31.Qe5+ Qxe5 32.Rxe5 Rxd7 33.e8=Q Rd1+ 34.Re1 Rbb1
35.Rxd1 Rxd1+ 36.Kf2 Rd2+ 37.Kg3 {#r} 1-0

[Event "Nakhchivan Open 2017"]
[Site "Nakhchivan AZE"]
[Date "2017.05.06"]
[Round "4.4"]
[White "Iskandarov,M"]
[Black "Burmakin,V"]
[Result "1-0"]
[WhiteElo "2444"]
[BlackElo "2508"]

1.e4 c6 2.Nc3 d5 3.Nf3 dxe4 4.Nxe4 Nf6 5.Nxf6+ exf6 6.d4 Bd6 7.Bd3 Qe7+ 8.Be3
O-O 9.O-O Rd8 10.Nd2 Nd7 11.Re1 Nf8 12.Ne4 Bc7 13.Ng3 Be6 14.c3 Qd6 15.f4 Qd5
16.Qc2 Re8 17.c4 Qd8 18.f5 Bd7 19.Qf2 g5 20.Ne4 h6 21.Bd2 Nh7 22.Bc3 b5 23.c5
Qb8 24.g3 a5 25.Qf3 b4 26.Bd2 Qd8 27.Nf2 Rxe1+ 28.Rxe1 Qc8 29.Qh5 Qf8 30.Ng4
Re8 31.Nxh6+ Kg7 32.Rxe8 Bxe8 33.Ng4 Kg8 34.Bxg5 {#r} 1-0

[Event "Nakhchivan Open 2017"]
[Site "Nakhchivan AZE"]
[Date "2017.05.06"]
[Round "4.8"]
[White "Rzayev,B"]
[Black "Gasanov,E"]
[Result "1-0"]
[WhiteElo "2398"]
[BlackElo "2484"]

1.e4 c5 2.Nf3 Nc6 3.Bb5 e6 4.O-O Nge7 5.Re1 Ng6 6.b3 Be7 7.Bb2 O-O 8.Bxc6 bxc6
9.d3 f6 10.Nc3 e5 11.Na4 d6 12.c3 f5 13.h3 Qe8 14.Bc1 fxe4 15.dxe4 Qf7 16.Kh2
Nf4 17.Ng1 g5 18.f3 h5 19.Nb2 g4 20.Nd3 Nxd3 21.Qxd3 Qg6 22.fxg4 hxg4 23.Bd2
Kg7 24.Rf1 Be6 25.Rae1 c4 26.bxc4 c5 27.Rb1 Rxf1 28.Rxf1 Rf8 29.Rxf8 Kxf8
30.hxg4 Qxg4 31.Nf3 Qg8 32.Qb1 a5 33.Qb8+ Kf7 34.Qc7 Bxc4 35.Bg5 Qf8 36.Nh4
Be6 37.Nf5 Bxf5 38.exf5 Ke8 39.Qc8+ Kf7 40.Qe6+ Ke8 41.f6 {#r} 1-0

[Event "Nakhchivan Open 2017"]
[Site "Nakhchivan AZE"]
[Date "2017.05.06"]
[Round "4.9"]
[White "Khamrakulov,D"]
[Black "Kazimova,N"]
[Result "1-0"]
[WhiteElo "2476"]
[BlackElo "2282"]

1.e4 e5 2.Nf3 Nc6 3.d4 exd4 4.Nxd4 Bc5 5.Nb3 Bb6 6.Qe2 d6 7.Nc3 Nf6 8.Be3 Bxe3
9.Qxe3 O-O 10.O-O-O a6 11.f3 b5 12.g4 b4 13.Nd5 a5 14.Nf4 a4 15.Nd4 Nxd4
16.Qxd4 Rb8 17.e5 Ne8 18.Bc4 Qg5 19.Rhe1 c5 20.Qe3 dxe5 21.Qxe5 Qxe5 22.Rxe5
Bb7 23.Rd3 Nc7 24.Rxc5 Ne6 25.Nxe6 fxe6 26.Rb5 Bd5 27.Rxb8 Rxb8 28.Bxd5 exd5
29.Rxd5 Rf8 30.Rd3 g5 31.a3 bxa3 32.Rxa3 Rf4 33.Re3 Kg7 34.c3 h5 35.h3 {#r}
1-0

[Event "Nakhchivan Open 2017"]
[Site "Nakhchivan AZE"]
[Date "2017.05.06"]
[Round "4.10"]
[White "Bayramov,Elvin"]
[Black "Beradze,I"]
[Result "0-1"]
[WhiteElo "2256"]
[BlackElo "2472"]

1.e4 e5 2.Nc3 Nc6 3.f4 exf4 4.d4 Qh4+ 5.Ke2 b6 6.Qd2 Bb7 7.Nf3 Qh5 8.Nd5 g5
9.Nxc7+ Kd8 10.Nxa8 g4 11.Ng1 Bh6 12.Kd1 Nf6 13.Bd3 g3+ 14.Be2 Qxh2 15.Rxh2
gxh2 16.Qe1 h1=Q 17.Bf3 Nxd4 18.Nxb6 axb6 19.Bd2 Nxf3 20.gxf3 Rg8 21.Ne2 Qxf3
{#R} 0-1

[Event "Nakhchivan Open 2017"]
[Site "Nakhchivan AZE"]
[Date "2017.05.06"]
[Round "4.11"]
[White "Mammadov,Z"]
[Black "Bayramov,Zaur"]
[Result "1-0"]
[WhiteElo "2421"]
[BlackElo "2235"]

1.e4 g6 2.d4 Bg7 3.Nf3 c6 4.Nbd2 d6 5.Be2 Nf6 6.O-O Bg4 7.a4 a5 8.Re1 O-O 9.h3
Bxf3 10.Bxf3 d5 11.exd5 cxd5 12.c3 Nc6 13.Nf1 e6 14.Bf4 Qb6 15.Qd2 Rac8 16.g4
Rfe8 17.Kg2 Rcd8 18.Qe2 Bf8 19.Ne3 Bd6 20.Bxd6 Rxd6 21.g5 Nd7 22.Nxd5 Qd8
23.h4 h6 24.Ne3 Nxd4 25.cxd4 Rxd4 26.Rad1 Rxh4 27.Qb5 Re7 28.gxh6 Qc7 29.Nd5
Qh2+ 30.Kf1 Qh3+ 31.Bg2 {#r} 1-0

[Event "Nakhchivan Open 2017"]
[Site "Nakhchivan AZE"]
[Date "2017.05.06"]
[Round "4.12"]
[White "Mammadov,Sadig"]
[Black "Grinev,V"]
[Result "0-1"]
[WhiteElo "2091"]
[BlackElo "2414"]

1.e4 c5 2.Nf3 e6 3.d4 cxd4 4.Nxd4 Nc6 5.Nc3 Qc7 6.Be2 a6 7.O-O Nf6 8.Bg5 Be7
9.Kh1 Ng4 10.Bxg4 Bxg5 11.Nxc6 dxc6 12.Qe2 h5 13.Bh3 Bf4 14.g3 Be5 15.f4 Bxc3
16.bxc3 h4 17.Qg4 Rh7 18.gxh4 Qe7 19.h5 Bd7 20.Rab1 O-O-O 21.Rb6 c5 22.Rfb1
Bc6 23.f5 Kc7 24.fxe6 fxe6 25.Bg2 e5 26.Bf1 Rh6 27.Qg2 Qf7 28.Be2 Rf6 29.R6b2
Rf2 30.Qg4 Rd2 31.Re1 Rfxe2 {#R} 0-1

[Event "14th Balagna Rapid Open"]
[Site "Balagna FRA"]
[Date "2017.05.06"]
[Round "1.1"]
[White "Bacrot,E"]
[Black "Guazzelli,Frederic"]
[Result "1-0"]
[WhiteElo "2696"]
[BlackElo "1417"]

1.Nf3 g6 2.c4 Bg7 3.Nc3 c5 4.e3 d6 5.d4 cxd4 6.exd4 Nf6 7.Be2 O-O 8.Bg5 a6
9.Qd2 Nbd7 10.h4 Ne8 11.h5 f6 12.Be3 g5 13.h6 e5 14.hxg7 Nxg7 15.dxe5 dxe5
16.Qd5+ Kh8 17.O-O-O Qe7 18.Rh6 Nf5 19.Rh5 b5 20.Rdh1 h6 21.Bd3 Nxe3 22.Rxh6+
Kg7 23.Rh7# 1-0

[Event "14th Balagna Rapid Open"]
[Site "Balagna FRA"]
[Date "2017.05.06"]
[Round "1.3"]
[White "Vaisser,A"]
[Black "Piacentini,Theo"]
[Result "1-0"]
[WhiteElo "2503"]
[BlackElo "1479"]

1.d4 Nf6 2.c4 g6 3.Nc3 Bg7 4.e4 d6 5.f4 Nbd7 6.e5 dxe5 7.fxe5 Ng8 8.c5 f6 9.e6
Nf8 10.d5 c6 11.Bc4 a6 12.Qe2 cxd5 13.Bxd5 f5 14.Bb3 Bxc3+ 15.bxc3 Qa5 16.Qe5
Nf6 17.Ne2 Rg8 18.h3 Ne4 19.Be3 b6 20.Bd5 Nxc5 21.Bc6+ Bd7 22.exd7+ Nfxd7
23.Bxc5 Rc8 24.Qxe7# 1-0

[Event "14th Balagna Rapid Open"]
[Site "Balagna FRA"]
[Date "2017.05.06"]
[Round "1.4"]
[White "Charni,Ilyes"]
[Black "Battaglini,G"]
[Result "0-1"]
[WhiteElo "1305"]
[BlackElo "2475"]

1.e4 c5 2.d4 cxd4 3.c3 d3 4.Nf3 g6 5.Bxd3 Bg7 6.O-O Nc6 7.Re1 d6 8.Bc4 Be6
9.Bd5 Nf6 10.Bxe6 fxe6 11.Bg5 Qd7 12.Qc2 O-O 13.Nbd2 Nh5 14.Nb3 e5 15.Rad1 Qe6
16.Be3 h6 17.h3 Rxf3 18.gxf3 Qxh3 19.Qe2 Nd8 20.Rd3 Ne6 21.Qd1 Nef4 22.Bxf4
Nxf4 23.Rxd6 Qg2# 0-1

[Event "14th Balagna Rapid Open"]
[Site "Balagna FRA"]
[Date "2017.05.06"]
[Round "2.1"]
[White "Bunoust,Lucas"]
[Black "Bacrot,E"]
[Result "0-1"]
[WhiteElo "1958"]
[BlackElo "2696"]

1.d4 e6 2.c4 d5 3.Nc3 Be7 4.cxd5 exd5 5.Bf4 c6 6.e3 Bf5 7.Qb3 Qb6 8.Nf3 Nd7
9.Be2 Ngf6 10.O-O O-O 11.Rfe1 Rfe8 12.Nd2 Bf8 13.Bf3 h6 14.Rad1 Rac8 15.e4
Qxb3 16.axb3 dxe4 17.Ndxe4 Nxe4 18.Nxe4 g5 19.Nd6 Bxd6 20.Bxd6 Bc2 21.Ra1 Bxb3
22.h3 a6 23.Bg4 Be6 24.Bf3 Nf8 25.Re3 Bd5 26.Bxd5 Rxe3 27.Bxf7+ Kxf7 28.fxe3
Nd7 29.e4 Ke6 30.Bg3 Nf6 31.Re1 Rd8 32.Be5 Nd7 33.Bg7 Kf7 34.Be5 Nxe5 35.dxe5
Ke6 36.Kf2 Rd2+ 37.Kg3 Rxb2 38.Kf3 a5 39.Ra1 b6 40.g3 Kxe5 {#R} 0-1

[Event "14th Balagna Rapid Open"]
[Site "Balagna FRA"]
[Date "2017.05.06"]
[Round "2.2"]
[White "Fressinet,L"]
[Black "Massardo,Quentin"]
[Result "1-0"]
[WhiteElo "2668"]
[BlackElo "1854"]

1.Nf3 Nf6 2.g3 d5 3.Bg2 g6 4.c4 dxc4 5.Qa4+ c6 6.Qxc4 Bg7 7.O-O O-O 8.d3 Nbd7
9.Nc3 Nb6 10.Qh4 Nbd5 11.Bh6 Qb6 12.Rab1 Nxc3 13.bxc3 Qa5 14.Bxg7 Kxg7 15.Qc4
Be6 16.Qb4 Qxa2 17.Rb2 a5 18.Qxb7 Rfb8 19.Rxa2 Rxb7 20.Ra3 Rb3 21.Rxb3 Bxb3
22.Nd4 Bd5 23.e4 e5 24.exd5 exd4 25.dxc6 dxc3 26.Rc1 Ne8 27.Bd5 Nc7 28.Bc4 Kf6
29.Rxc3 Ke5 30.Bxf7 Kd4 31.Rb3 a4 32.Rb7 Nd5 33.Rd7 Kc5 34.Bxd5 a3 35.c7 Rc8
36.Bc4 Kc6 37.Rxh7 Rxc7 38.Rxc7+ Kxc7 39.h4 {#r} 1-0

[Event "14th Balagna Rapid Open"]
[Site "Balagna FRA"]
[Date "2017.05.06"]
[Round "2.3"]
[White "Sabiani,Chjara"]
[Black "Vaisser,A"]
[Result "1-0"]
[WhiteElo "1688"]
[BlackElo "2503"]

1.d4 Nf6 2.c4 c5 3.d5 b5 4.cxb5 a6 5.b6 e6 6.Nc3 Nxd5 7.Nxd5 exd5 8.Qxd5 Nc6
9.e4 Be7 10.Bc4 O-O 11.Nf3 Rb8 12.Bf4 Rxb6 13.b3 Bb7 14.Qd2 Bf6 15.Rd1 Nd4
16.Nxd4 Bxd4 17.Bd3 Re8 18.Qc2 Qf6 19.Bc7 Bxe4 20.Bxe4 Rxe4+ 21.Qxe4 Qxf2# 1-0

[Event "14th Balagna Rapid Open"]
[Site "Balagna FRA"]
[Date "2017.05.06"]
[Round "2.4"]
[White "Battaglini,G"]
[Black "Vanschamelhout,J"]
[Result "1-0"]
[WhiteElo "2475"]
[BlackElo "1809"]

1.d4 d5 2.c4 c6 3.Nc3 Nf6 4.Nf3 e6 5.Bg5 Nbd7 6.e3 Qa5 7.cxd5 exd5 8.Bd3 Bd6
9.O-O O-O 10.a3 h6 11.Bh4 Re8 12.b4 Qc7 13.Rc1 a6 14.Qc2 g5 15.Bg3 Bxg3
16.hxg3 Qd6 17.Na4 Ng4 18.Bf5 Ndf6 19.Bxg4 Nxg4 20.Nb6 Rb8 21.Nxc8 Rbxc8
22.Qf5 Qe6 23.Qxe6 Rxe6 24.a4 Kg7 25.b5 axb5 26.axb5 Kg6 27.Rc2 f5 28.Rfc1 Kf6
29.Rc5 h5 30.Rxd5 cxd5 31.Rxc8 Rb6 32.Rc5 Ke6 33.Nxg5+ {#r} 1-0

[Event "14th Balagna Rapid Open"]
[Site "Balagna FRA"]
[Date "2017.05.06"]
[Round "3.1"]
[White "Bacrot,E"]
[Black "Marty,Brice"]
[Result "1-0"]
[WhiteElo "2696"]
[BlackElo "2122"]

1.d4 Nf6 2.Bf4 d5 3.e3 c5 4.dxc5 Qa5+ 5.c3 Qxc5 6.Nf3 Nc6 7.Nbd2 Bg4 8.Be2 e6
9.O-O Be7 10.h3 Bh5 11.Ne5 Bxe2 12.Qxe2 Nxe5 13.Bxe5 O-O 14.Rfd1 Rfd8 15.Rac1
b5 16.e4 a5 17.Bxf6 Bxf6 18.exd5 Rxd5 19.Ne4 Rxd1+ 20.Rxd1 Qe5 21.Nxf6+ gxf6
22.Qxe5 fxe5 23.Kf1 b4 24.c4 Kf8 25.Rd7 Ke8 26.Rb7 Rd8 27.Ke2 Rd7 28.Rb5 Ra7
29.Rxe5 Ke7 30.Rh5 Kd6 31.Rxh7 Kc5 32.Rh4 b3 33.a3 f5 34.Rf4 Rh7 35.h4 e5
36.Rxf5 Kd4 37.h5 Rc7 38.h6 Ke4 39.Rf3 Rxc4 40.Re3+ Kd5 {#r} 1-0

[Event "14th Balagna Rapid Open"]
[Site "Balagna FRA"]
[Date "2017.05.06"]
[Round "3.2"]
[White "Brethes,F"]
[Black "Fressinet,L"]
[Result "0-1"]
[WhiteElo "2272"]
[BlackElo "2668"]

1.e4 e5 2.Nf3 Nc6 3.d4 exd4 4.Nxd4 Qf6 5.Be3 Bc5 6.c3 Nge7 7.Bc4 O-O 8.O-O b6
9.Nxc6 Qxc6 10.Bxc5 Qxc5 11.Qd4 Bb7 12.Qxc5 bxc5 13.Na3 Rab8 14.Rad1 Bc6 15.b3
a5 16.Bd5 d6 17.Rd2 Rfe8 18.f3 g6 19.Kf2 a4 20.Bxc6 Nxc6 21.bxa4 Ra8 22.Nb5
Re7 23.Rb1 Rxa4 24.Rb3 Ra5 25.Rdb2 Ne5 26.Re2 Nd3+ {#R} 0-1

[Event "14th Balagna Rapid Open"]
[Site "Balagna FRA"]
[Date "2017.05.06"]
[Round "3.3"]
[White "Vaisser,A"]
[Black "Bouslimi,Nabil"]
[Result "1-0"]
[WhiteElo "2503"]
[BlackElo "1974"]

1.d4 Nf6 2.c4 c5 3.d5 e6 4.Nc3 exd5 5.cxd5 d6 6.e4 g6 7.f4 Bg7 8.Nf3 a6 9.a4
O-O 10.Be2 Re8 11.Nd2 b6 12.O-O Ra7 13.Bf3 h5 14.h3 Rb7 15.e5 dxe5 16.fxe5
Rxe5 17.Nc4 Re8 18.d6 b5 19.Bxb7 Bxb7 20.axb5 axb5 21.Nxb5 Qd7 22.Nc7 Qc6
23.Qf3 Re4 24.Na5 Qxd6 25.Nb5 Qd7 {#r} 1-0

[Event "14th Balagna Rapid Open"]
[Site "Balagna FRA"]
[Date "2017.05.06"]
[Round "3.4"]
[White "Maurizzi,Marc Andria"]
[Black "Battaglini,G"]
[Result "0-1"]
[WhiteElo "1841"]
[BlackElo "2475"]

1.d4 Nf6 2.Bg5 c5 3.d5 Qb6 4.Bc1 e6 5.Nc3 exd5 6.Nxd5 Nxd5 7.Qxd5 Nc6 8.e4 d6
9.Nf3 Be6 10.Qd1 Be7 11.Bd3 c4 12.Be2 O-O 13.O-O Rad8 14.c3 d5 15.exd5 Rxd5
16.Qc2 Bf5 17.Qa4 Bd3 18.Be3 Bc5 19.Bxc5 Qxc5 20.Rfe1 b5 21.Qd1 Rfd8 22.Bxd3
cxd3 23.Qd2 h6 24.h3 a5 25.Re4 b4 26.c4 R5d6 27.Rae1 a4 28.b3 a3 29.Re8+ Rxe8
30.Rxe8+ Kh7 31.Re3 Qf5 32.g4 Qg6 33.Kg2 h5 34.Nh4 Qg5 35.Nf5 Rd7 36.f3 h4
37.Kf2 g6 {#R} 0-1

[Event "14th Balagna Rapid Open"]
[Site "Balagna FRA"]
[Date "2017.05.06"]
[Round "4.1"]
[White "Skomorokhin,R"]
[Black "Bacrot,E"]
[Result "0-1"]
[WhiteElo "2396"]
[BlackElo "2696"]

1.d4 d5 2.c4 e6 3.Nf3 Nf6 4.e3 Be7 5.Nc3 b6 6.cxd5 exd5 7.Bd3 Bb7 8.O-O O-O
9.b3 Nbd7 10.Bb2 Re8 11.Rc1 a6 12.Ne5 c5 13.f4 b5 14.Ne2 Rc8 15.Ng3 c4 16.Bb1
Nf8 17.Nf5 Rc7 18.Qf3 Bc8 19.Nh6+ gxh6 20.Qg3+ Ng6 21.f5 Ne4 22.Bxe4 Bh4
23.Qf3 dxe4 24.Qe2 Nxe5 25.dxe5 Bg5 26.Bd4 cxb3 27.Rxc7 Qxc7 28.axb3 Rxe5
29.Qg4 Kf8 30.Qh5 {#R} 0-1

[Event "14th Balagna Rapid Open"]
[Site "Balagna FRA"]
[Date "2017.05.06"]
[Round "4.2"]
[White "Fressinet,L"]
[Black "Lazarev,V"]
[Result "0-1"]
[WhiteElo "2668"]
[BlackElo "2362"]

1.Nf3 Nf6 2.g3 d5 3.Bg2 c6 4.O-O Bg4 5.c4 e6 6.cxd5 Bxf3 7.Bxf3 cxd5 8.d4 Nc6
9.e3 Be7 10.b3 O-O 11.Bb2 Rc8 12.a3 Ne8 13.Nd2 Nd6 14.Be2 a5 15.Bd3 Qb6 16.Rc1
Rfd8 17.Qg4 f5 18.Qh3 Bf6 19.g4 g6 20.Kh1 Ne7 21.gxf5 exf5 22.Rc5 Qa7 23.Qg3
b6 24.Rxc8 Nexc8 25.a4 Ne7 26.Ba3 Qd7 27.Nf3 Ne4 28.Qg2 Rc8 29.Ne5 Qe6 30.f3
Nd6 31.Qg3 Nf7 32.f4 Nd6 33.Rc1 Ne4 34.Bxe4 Rxc1+ 35.Bxc1 fxe4 36.Ba3 Nf5
37.Qg4 Qc8 38.h3 Qc3 39.Nxg6 Qe1+ 40.Kh2 Qf2+ 41.Kh1 Ng3+ {#R} 0-1

[Event "14th Balagna Rapid Open"]
[Site "Balagna FRA"]
[Date "2017.05.06"]
[Round "4.3"]
[White "Massoni,M"]
[Black "Vaisser,A"]
[Result "0-1"]
[WhiteElo "2355"]
[BlackElo "2503"]

1.e4 e6 2.d4 d5 3.Nc3 Nf6 4.e5 Nfd7 5.Nf3 c5 6.dxc5 Nc6 7.Bf4 Bxc5 8.Bd3 f6
9.exf6 Nxf6 10.Qe2 O-O 11.O-O-O Bd6 12.Bg3 a6 13.Ne5 Nxe5 14.Bxe5 Bxe5 15.Qxe5
Bd7 16.h3 Qb8 17.Qe3 Qd6 18.Rhe1 d4 19.Qd2 e5 20.Ne4 Nxe4 21.Bxe4 Bc6 22.Bxc6
bxc6 23.Qe2 Rae8 24.f3 c5 25.Qd3 Qd5 26.Qe4 Qxa2 27.b3 Qa1+ 28.Kd2 Qc3+ 29.Kc1
a5 30.Qd5+ Kh8 31.Rxe5 Rxe5 32.Qxe5 a4 33.bxa4 h6 34.Rd3 Qa1+ 35.Kd2 Qxa4
36.Qxc5 Rd8 37.Qb6 Rc8 38.Rb3 d3 39.cxd3 Qf4+ 40.Ke2 Rc2+ {#R} 0-1

[Event "14th Balagna Rapid Open"]
[Site "Balagna FRA"]
[Date "2017.05.06"]
[Round "4.4"]
[White "Battaglini,G"]
[Black "Dogodkina,J"]
[Result "1-0"]
[WhiteElo "2475"]
[BlackElo "2175"]

1.d4 Nf6 2.c4 e6 3.Nc3 Bb4 4.g3 Ne4 5.Bd2 Nxc3 6.bxc3 Be7 7.Bg2 f5 8.c5 O-O
9.e4 d5 10.cxd6 Qxd6 11.exf5 exf5 12.Nf3 Qa6 13.Ne5 Be6 14.Qe2 c6 15.Qxa6 Nxa6
16.O-O Bf6 17.Rfe1 Nc7 18.Rab1 Rab8 19.Bf4 g5 20.Bd2 a6 21.a4 h6 22.Nd3 Bd5
23.Nc5 Rf7 24.Rxb7 Rxb7 25.Nxb7 Bxg2 26.Kxg2 Nd5 27.Nd6 Rf8 28.Nxf5 {#r} 1-0

[Event "14th Balagna Rapid Open"]
[Site "Balagna FRA"]
[Date "2017.05.06"]
[Round "5.1"]
[White "Bacrot,E"]
[Black "Piscopo,P"]
[Result "1-0"]
[WhiteElo "2696"]
[BlackElo "2399"]

1.e4 c5 2.Nf3 e6 3.d4 cxd4 4.Nxd4 a6 5.c4 Nf6 6.Nc3 Qc7 7.Be2 Nc6 8.O-O Nxd4
9.Qxd4 Bd6 10.Kh1 Be5 11.Qd3 b6 12.f4 Bxc3 13.bxc3 Bb7 14.Bf3 Rc8 15.Ba3 b5
16.cxb5 Qxc3 17.Qd6 {#r} 1-0

[Event "14th Balagna Rapid Open"]
[Site "Balagna FRA"]
[Date "2017.05.06"]
[Round "5.3"]
[White "Roux,Baptiste"]
[Black "Battaglini,G"]
[Result "0-1"]
[WhiteElo "1915"]
[BlackElo "2475"]

1.e4 c5 2.Nf3 e6 3.c3 Nc6 4.d4 cxd4 5.cxd4 d5 6.e5 Nge7 7.Nc3 Nf5 8.Bg5 Qb6
9.Bb5 h6 10.Be3 Bd7 11.Bxc6 bxc6 12.Qc2 c5 13.Rd1 Nxe3 14.fxe3 Be7 15.O-O O-O
16.Kh1 Rac8 17.e4 cxd4 18.Rxd4 Bc5 19.Rd2 d4 20.Na4 Qb5 21.Qd3 Qxd3 22.Rxd3
Bxa4 23.Nxd4 Rcd8 24.Rc1 Bxd4 25.Rc4 Bxe5 {#R} 0-1

[Event "14th Balagna Rapid Open"]
[Site "Balagna FRA"]
[Date "2017.05.06"]
[Round "5.4"]
[White "Charvein,Gabriel"]
[Black "Fressinet,L"]
[Result "0-1"]
[WhiteElo "1904"]
[BlackElo "2668"]

1.e4 e5 2.Nf3 Nc6 3.Bb5 a6 4.Ba4 Nf6 5.O-O Be7 6.Re1 b5 7.Bb3 O-O 8.c3 d6 9.h3
Na5 10.Bc2 c5 11.d4 Nd7 12.dxc5 dxc5 13.Nbd2 f6 14.Nf1 Nb6 15.Qe2 Be6 16.Ne3
Qc7 17.Nd5 Qb7 18.Nxe7+ Qxe7 19.Nh4 g6 20.Bh6 Rfd8 21.f4 exf4 22.e5 f5 23.Nf3
Qe8 24.Bxf4 Nac4 25.Bg5 Rd7 26.Rad1 Nd5 27.Nh4 Nxb2 28.Rxd5 Rxd5 29.g4 Nc4
30.gxf5 Rxe5 31.Qxe5 Nxe5 32.Rxe5 gxf5 33.Bxf5 Bxf5 34.Rxe8+ Rxe8 35.Nxf5 Re2
36.Be7 Re5 37.Nh6+ Kg7 38.Bf6+ Kxf6 39.Ng4+ Kf5 40.Nxe5 Kxe5 {#R} 0-1

[Event "14th Balagna Rapid Open"]
[Site "Balagna FRA"]
[Date "2017.05.06"]
[Round "6.2"]
[White "Lazarev,V"]
[Black "Stoenescu,R"]
[Result "1-0"]
[WhiteElo "2362"]
[BlackElo "2149"]

1.d4 f5 2.g3 Nf6 3.Bg2 g6 4.Nf3 Bg7 5.b4 Nc6 6.c3 d5 7.O-O O-O 8.Nbd2 Kh8 9.a4
Be6 10.Nb3 Ne4 11.Qc2 Bg8 12.b5 Nb8 13.Nfd2 c6 14.Nxe4 fxe4 15.f3 exf3 16.exf3
e5 17.dxe5 Bxe5 18.Be3 Nd7 19.f4 Bf6 20.bxc6 bxc6 21.a5 Re8 22.Qd2 Rb8 23.Nc5
Nxc5 24.Bxc5 a6 25.Rfe1 Rxe1+ 26.Qxe1 Qe8 27.Qxe8 Rxe8 28.Bd4 Bxd4+ 29.cxd4
Rb8 30.Bf1 Rb4 31.Bxa6 Rxd4 32.Bb7 Rc4 33.a6 {#r} 1-0

[Event "14th Balagna Rapid Open"]
[Site "Balagna FRA"]
[Date "2017.05.06"]
[Round "6.3"]
[White "Fressinet,L"]
[Black "Maurizzi,Marc Andria"]
[Result "1-0"]
[WhiteElo "2668"]
[BlackElo "1841"]

1.e4 c5 2.Nf3 d6 3.Nc3 Nf6 4.e5 dxe5 5.Nxe5 a6 6.g3 Nbd7 7.d4 e6 8.Be3 cxd4
9.Bxd4 Qc7 10.Qe2 Bc5 11.Bxc5 Qxc5 12.Nd3 Qc6 13.Rg1 Nc5 14.O-O-O Nxd3+
15.Qxd3 O-O 16.Bg2 Qc7 17.Qd6 Qa5 18.Rge1 Nd5 19.Nxd5 exd5 20.Qxd5 Qc7 21.Qd6
Qxd6 22.Rxd6 Bf5 23.Bxb7 Ra7 24.Bxa6 Rfa8 25.Bc4 Rc7 26.Bb3 h6 27.Rd2 Raa7
28.Re3 Kh7 29.c3 Rcb7 30.Rd4 Bg6 31.Ra4 Rxa4 32.Bxa4 h5 33.Bc2 Ra7 34.Bxg6+
Kxg6 35.a3 f5 36.c4 Kg5 37.c5 f4 38.Rc3 fxg3 39.fxg3 Kf5 40.c6 Rc7 41.b4 Ke5
42.b5 Kd5 43.a4 g5 44.a5 h4 45.gxh4 gxh4 46.a6 Kd6 47.b6 Rxc6 48.Rxc6+ Kxc6
49.b7 Kc7 50.Kd2 {#r} 1-0

[Event "Zonal 2.5 2017"]
[Site "Villa Martelli ARG"]
[Date "2017.05.06"]
[Round "7.3"]
[White "Valerga,D"]
[Black "Morovic Fernandez,I"]
[Result "1-0"]
[WhiteElo "2460"]
[BlackElo "2527"]

1.e4 c5 2.Nf3 d6 3.d4 cxd4 4.Nxd4 Nf6 5.Nc3 a6 6.Be2 e6 7.O-O Nc6 8.Be3 Bd7
9.a4 Be7 10.f4 Nxd4 11.Qxd4 Bc6 12.Bf3 O-O 13.Rfd1 Qc7 14.Qb6 Qb8 15.a5 Re8
16.Qb3 Nd7 17.Na4 Bd8 18.Nb6 Nxb6 19.axb6 Be7 20.Bf2 a5 21.c4 a4 22.Qd3 Ra6
23.b4 axb3 24.Rxa6 bxa6 25.Qxb3 e5 26.fxe5 dxe5 27.c5 Qb7 28.Be2 Rd8 29.Rxd8+
Bxd8 30.Qd3 Be7 31.Qxa6 Qd7 32.Qa7 Bb7 33.h3 Qc8 34.Bg4 Qc6 35.Qb8+ Bf8
36.Qxe5 h5 37.Bxh5 Qh6 38.Bxf7+ Kxf7 39.Qc7+ Kg8 40.Qxb7 Qc1+ 41.Kh2 {#r} 1-0

[Event "Zonal 2.5 2017"]
[Site "Villa Martelli ARG"]
[Date "2017.05.06"]
[Round "7.4"]
[White "De Dovitiis,A"]
[Black "Krysa,L"]
[Result "0-1"]
[WhiteElo "2327"]
[BlackElo "2517"]

1.e4 e5 2.Nf3 Nc6 3.Bc4 Nf6 4.d4 exd4 5.O-O Bc5 6.e5 Ng4 7.Bxf7+ Kxf7 8.Ng5+
Kg8 9.Qxg4 Nxe5 10.Qe4 d6 11.b4 Bb6 12.Qd5+ Kf8 13.f4 Qf6 14.Nd2 Nf7 15.Bb2
Qf5 16.Qb3 h6 17.Nc4 hxg5 18.fxg5 Qg6 19.Rxf7+ Qxf7 20.Rf1 Bf5 21.g4 d3+
22.Nxb6 Qxb3 23.Rxf5+ Qf7 {#R} 0-1

[Event "Zonal 2.5 2017"]
[Site "Villa Martelli ARG"]
[Date "2017.05.06"]
[Round "7.7"]
[White "Villca,Julian"]
[Black "Valenzuela Fuentealba,L"]
[Result "0-1"]
[WhiteElo "2137"]
[BlackElo "2460"]

1.c4 c6 2.g3 d5 3.Nf3 Nf6 4.Bg2 Bg4 5.O-O e6 6.b3 Be7 7.Bb2 O-O 8.d3 a5 9.a3
Re8 10.h3 Bh5 11.Nbd2 Nbd7 12.Qc2 Bf8 13.d4 Bg6 14.Qc1 h6 15.c5 Ne4 16.b4 b6
17.Nh4 Bh7 18.Bxe4 Bxe4 19.Nxe4 dxe4 20.Qc2 Nf6 21.Ng2 Qc7 22.Ne3 b5 23.a4
bxa4 24.Rxa4 axb4 25.Rfa1 Rxa4 26.Rxa4 Qb7 27.Qb3 Rb8 28.Nc4 Nd5 29.e3 Be7
30.Kg2 f5 31.Bc1 Bd8 32.Nd6 Qd7 33.Ra6 Bc7 34.Nc4 Qe8 35.Qa4 Qh5 36.Nd2 Nxe3+
{#R} 0-1

[Event "Zonal 2.5 2017"]
[Site "Villa Martelli ARG"]
[Date "2017.05.06"]
[Round "7.8"]
[White "Lopez Azambuja,N"]
[Black "Salinas Herrera,P"]
[Result "0-1"]
[WhiteElo "2269"]
[BlackElo "2453"]

1.d4 d5 2.c4 c6 3.cxd5 cxd5 4.Bf4 Nc6 5.e3 Nf6 6.Nc3 Bf5 7.Qb3 Na5 8.Qa4+ Bd7
9.Qc2 e6 10.Nf3 Bb4 11.Bd3 Rc8 12.O-O Nh5 13.Be5 Nc4 14.Rac1 Qa5 15.Qe2 Nxe5
16.Nxe5 Nf6 17.g4 Bxc3 18.bxc3 Ke7 19.Qf3 h6 20.c4 dxc4 21.Rxc4 Qd5 22.e4 Qd6
23.Qe3 Rxc4 24.Bxc4 Rc8 25.Bb3 Qb4 26.f3 Rc3 27.Qf2 a5 28.Bd1 Bb5 29.Re1 Rc1
30.Qe3 Rc3 31.Qd2 Nd7 32.Nxd7 Kxd7 33.d5 e5 34.Be2 Qc5+ 35.Kg2 Kd6 36.Bd1 b6
37.g5 Rd3 38.Qb2 {#R} 0-1